| 000 | 00568nam a2200205 a 4500 | ||
|---|---|---|---|
| 005 | 20210219152911.0 | ||
| 008 | 991125n 000 0 eng u | ||
| 035 | _aUPN01000066263 | ||
| 100 | _aRay, Christopher | ||
| 222 | _aSCIENCE EDUCATION | ||
| 245 | _aBreaking free from dogma : philosophical prejudice in science education | ||
| 300 | _a87-93 | ||
| 362 | _a1991 75, No. 1 | ||
| 505 | _aMarzo 1993 | ||
| 653 | 0 | _aEDUCACION CIENTIFICA | |
| 653 | 0 | _aEDUCACION SECUNDARIA | |
| 653 | 0 | _aINSTRUCCION CIENTIFICA | |
| 904 |
_aAC _b004074 |
||
| 905 | _aArticulo | ||
| 999 |
_c63404 _d63404 |
||